000
00307nam a2200121Ia 4500
008
220901s9999||||xx |||||||||||||| ||und||
082
_a
670 ASM
100
_a
ASME
245
0
_a
Journal of mechanical design
250
_a
Vol. 133 Issue No. 9,10, 11 & 12
260
_b
ASME
_c
2011
650
_a
Machine design
999
_c
193856
_d
193856